000
00219 a2200097 4500
001
14180
100
_a
Partridge E
245
_a
Usage and abusage
260
_a
London
_b
Hamish Hamilton office
_c
090
_c
11124
_d
11124
942
_a
NUST-CAE
_c
M
_c
1253
999
_c
249253
_d
249253